000 00611nam a2200241Ia 4500
003 OSt
005 20220918201324.0
006 a|||||r|||| 00| 0
007 ta
008 220917b |||||||| |||| 00| 0 eng d
024 _a93,120
037 _cTextual
040 _aARTS
_cARTS
_beng
041 _2eng
_aeng
082 _aV1:5.N7, L8
100 _aOwen David
_998120
245 0 _aHuman rights
260 _aLondon
_bJonathan Cape
_c1978
300 _a154p.
_ccm.
650 _aHUMAN RIGHTS; HISTORY
_94816
942 _hV1:5.N7, L8
_cTEXL
_2CC
999 _c216768
_d216768